000 01163nam a2200217Ia 4500
003 Ost
005 20260416102358.0
008 260416s9999||||xx |||||||||||||| ||und||
040 _cfsecg
041 _aara
082 _a657
100 _aطويلب، محمد
_eمؤلف
245 0 _aمحاضرات في مقياس المحاسبة القطاعية :
_bموجهة لطلبة السنة الاولى ماستر -السداسي الاول- تخصص محاسبة و جباية معمقة /
_c محمد طويلب
260 _aالجزائر
_bجامعة الجزائر3: كلية العلوم الإقتصادية، العلوم التجارية وعلوم التسيير
_c2022
300 _a110 ورقة
_bايضاحات
_c30 سم
504 _aالمراجع ص.107
520 _aمحاسبة قطاع التأمينات ، محاسبة قطاع البناء و الأشغال العمومية ، محاسبة القطاع الفلاحي .
653 _aالمحاسبة
710 _aجامعة الجزائر3: كلية العلوم الإقتصادية، العلوم التجارية وعلوم التسيير
_eناشر علمي
942 _cHANDOUT
999 _c41317
_d41317